Score 0/40 Timer 06:00
0 Plays Today
Clue 4-Letter Word % Correct
⋆ Morning twilight; beginning of day ⋆⋆ DAWN ⋆
97.8%
Outdoor sleeping site with tentsCAMP
97.4%
Along _____ a spiderCAME
96.9%
Moderately wet; moistDAMP
96.6%
⋆ Direction of the Sun at daybreak ⋆⋆ EAST ⋆
96.6%
UPPER or lower, as a letterCASE
96%
⋆ To move upwards, as the Sun in the morning ⋆⋆ RISE ⋆
95.2%
⋆ Midday; 12 PM ⋆⋆ NOON ⋆
95.1%
Having good judgment, like an owlWISE
94.6%
Place for eyes, nose, and mouthFACE
94.4%
To alleviate or reduce difficultyEASE
94.1%
Genre of the Rolling StonesROCK
94%
Period of time before nowPAST
94%
Growth on the skin once associated with frogsWART
93.6%
To flunk a testFAIL
93.6%
Dividing line of hairPART
93.5%
⋆ Direction of the Sun at sunset ⋆⋆ WEST ⋆
93.5%
Barrier; the one in China is GreatWALL
93.1%
Kentucky Derby or Indy 500RACE
92.6%
Anchor for a plantROOT
92.6%
Clue 4-Letter Word % Correct
Castle chess pieceROOK
92.2%
Metal formed into a thin threadWIRE
91.7%
First word of Nike's sloganJUST
91.3%
⋆ To descend, as the Sun in the evening ⋆⋆ FALL ⋆
90.7%
Hole for water (or oil)WELL
90.6%
Cut of meat with several ribsRACK
90.3%
⋆ Evening twilight; end of the day ⋆⋆ DUSK ⋆
90.1%
Kendrick Lamar 'Humble' albumDAMN
89.8%
Barnes and Noble's e-readerNOOK
89.8%
It can follow 'hard,' 'soft,' or 'vapor' in techWARE
89.2%
Raised mark caused by a blowWELT
89.2%
Plunder for a pirate or robberLOOT
89%
Act performed for amusement; jokeJEST
88.5%
It goes with 'ashes' in a funeral phraseDUST
88.2%
Disturbance of the peace by a mobRIOT
88%
Yodeling bird that might be crazyLOON
87.8%
Opinion's oppositeFACT
86.3%
It precedes 'accompli' FAIT
83.8%
Chasm (or a follower of Oculus in VR)RIFT
64.1%
Widespread; abundantRIFE
64%

Today's Daily Dose

Remove Ads.
Support Sporcle.
Get the best of Sporcle when you Go Orange. This ad-free experience offers more features, more stats, and more fun while also helping to support Sporcle. Thank you for becoming a member.

You're not logged in!

Compare scores with friends on all Sporcle quizzes.
OR
Log In

Show Comments

Extras

Top Quizzes Today


Score Distribution

Your Account Isn't Verified!

In order to create a playlist on Sporcle, you need to verify the email address you used during registration. Go to your Sporcle Settings to finish the process.

Report this User

Report this user for behavior that violates our Community Guidelines.

Details: